असगर वज़ाहत के मंचीय नाटक: जिस लाहौर नइ देख्या ओ जम्याई नई गोडसेए गांधी . कॉम (Record no. 1235638)
[ view plain ]
| 000 -LEADER | |
|---|---|
| fixed length control field | 00951nam a2200229Ia 4500 |
| 005 - DATE AND TIME OF LATEST TRANSACTION | |
| control field | 20250108125101.0 |
| 008 - FIXED-LENGTH DATA ELEMENTS--GENERAL INFORMATION | |
| fixed length control field | 008 250107s9999 xx 000 0 hin d |
| 020 ## - INTERNATIONAL STANDARD BOOK NUMBER | |
| International Standard Book Number | 978-93-90372-54-6 |
| 037 ## - SOURCE OF ACQUISITION | |
| Stock number | TB |
| 040 ## - CATALOGING SOURCE | |
| Original cataloging agency | CRL |
| Language of cataloging | hin |
| Transcribing agency | CRL |
| 041 ## - LANGUAGE CODE | |
| Language code of text/sound track or separate title | hin |
| Source of code | hin |
| 084 ## - COLON CLASSIFICATION NUMBER | |
| Classification number | O152,3N33x Q5 |
| 084 ## - COLON CLASSIFICATION NUMBER | |
| Assigning agency | CRL |
| 100 ## - MAIN ENTRY--PERSONAL NAME | |
| Personal name | भोसले, सदानंद, ले. |
| 245 #0 - TITLE STATEMENT | |
| Title | असगर वज़ाहत के मंचीय नाटक: जिस लाहौर नइ देख्या ओ जम्याई नई गोडसेए गांधी . कॉम |
| Statement of responsibility, etc. | भोसले, सदानंद, ले. |
| 260 ## - PUBLICATION, DISTRIBUTION, ETC. | |
| Place of publication, distribution, etc. | वाराणसी, भारत |
| Name of publisher, distributor, etc. | ए. बी. एस. पब्लिकेशन |
| Date of publication, distribution, etc. | 3250 |
| 300 ## - PHYSICAL DESCRIPTION | |
| Extent | 152पृ0 |
| 365 ## - TRADE PRICE | |
| Price type code | INR |
| Price amount | 695 |
| 650 ## - SUBJECT ADDED ENTRY--TOPICAL TERM | |
| Topical term or geographic name entry element | हिन्दी साहित्यहिन्दी नाटक |
| 942 ## - ADDED ENTRY ELEMENTS (KOHA) | |
| Koha item type | Textbook |
| Classification part | O152,3N33x Q5 |
| Withdrawn status | Lost status | Damaged status | Not for loan | Home library | Current library | Date acquired | Source of acquisition | Cost, normal purchase price | Total Checkouts | Full call number | Barcode | Date due | Date last seen | Date last checked out | Price effective from | Koha item type |
|---|---|---|---|---|---|---|---|---|---|---|---|---|---|---|---|---|
| Central Library | Arts Library | 2025-01-08 | Gift, 09/08/2024, | 695.00 | 1 | O152,2N462x Q8 | CL1699262 | 2026-05-03 | 2026-04-02 | 2026-04-02 | 2025-01-08 | Textbook |
